[Event "Hotel MEDOSZ Spring Open"]
[Site "Budapest"]
[Date "2014.03.14"]
[Round "1.2"]
[White "To, Nhat Minh"]
[Black "Grajczak, Adrian"]
[Result "1-0"]
[WhiteElo "2354"]
[BlackElo "1953"]
[PlyCount "101"]
[EventDate "2014.03.14"]

1. e4 c5 2. Nf3 Nc6 3. d4 cxd4 4. Nxd4 Nf6 5. Nc3 e6 6. Ndb5 Bb4 7. a3 Bxc3+ 8.
Nxc3 d5 9. exd5 exd5 10. Bd3 O-O 11. O-O Bg4 12. f3 Be6 13. Re1 Re8 14. Bg5
Qb6+ 15. Kh1 Nd7 16. b3 Nc5 17. Bf1 d4 18. Na2 a6 19. Qd2 f6 20. Bh4 Bf7 21.
Bf2 Red8 22. Rad1 Na4 23. bxa4 Bxa2 24. c4 Bb3 25. Qb2 Na5 26. Rd3 Rd6 27. Rb1
Rad8 28. Be1 Nxc4 29. Qxb3 Qxb3 30. Rbxb3 Ne3 31. Kg1 Rc8 32. Bd2 Nxf1 33. Kxf1
Rd7 34. Rb4 Rcd8 35. a5 Kf7 36. Rdb3 Rb8 37. Ke2 Re8+ 38. Kd3 Ree7 39. Rxd4
Rxd4+ 40. Kxd4 Rd7+ 41. Ke3 Ke6 42. Rd3 Rc7 43. Bb4 h5 44. h4 g5 45. hxg5 fxg5
46. Rd6+ Kf5 47. Rd5+ Kg6 48. Ke4 Rc2 49. Rd6+ Kg7 50. Kf5 Rxg2 51. Rd7+ 1-0

[Event "Hotel MEDOSZ Spring Open"]
[Site "Budapest"]
[Date "2014.03.14"]
[Round "1.3"]
[White "Simon, Lili"]
[Black "Nagy, Ervin Dr"]
[Result "0-1"]
[WhiteElo "1936"]
[BlackElo "2269"]
[PlyCount "70"]
[EventDate "2014.03.14"]

1. c4 Nf6 2. g3 c6 3. Bg2 d5 4. Nf3 e6 5. b3 Nbd7 6. Bb2 Bd6 7. O-O O-O 8. d4
b6 9. Nc3 Ba6 10. Nd2 Rc8 11. Re1 Bb7 12. e4 dxe4 13. Ndxe4 Be7 14. Qe2 Re8 15.
Rad1 Qc7 16. a3 Qb8 17. Rd2 c5 18. d5 exd5 19. cxd5 Bd6 20. Qd1 Ba6 21. Na2 Be5
22. Nxf6+ Nxf6 23. d6 Bxb2 24. Rxe8+ Rxe8 25. Rxb2 Qc8 26. Rd2 Qe6 27. Bc6 Rd8
28. Nc3 Kf8 29. a4 Qc8 30. Bg2 Qd7 31. Ne4 Nxe4 32. Bxe4 g6 33. Qf3 Qh3 34. Qg2
Qe6 35. Bc2 Qe1+ 0-1

[Event "Hotel MEDOSZ Spring Open"]
[Site "Budapest"]
[Date "2014.03.14"]
[Round "1.4"]
[White "Nguyen, Thi Mai Hung"]
[Black "Marcu, Simon"]
[Result "1-0"]
[WhiteElo "2261"]
[BlackElo "1892"]
[PlyCount "85"]
[EventDate "2014.03.14"]

1. d4 d5 2. Nf3 e6 3. e3 c5 4. b3 Nf6 5. Bd3 Nc6 6. O-O b6 7. Bb2 Be7 8. Nbd2
O-O 9. a3 Bb7 10. Ne5 Nxe5 11. dxe5 Nd7 12. f4 f5 13. exf6 Bxf6 14. Qh5 h6 15.
Bxf6 Rxf6 16. g4 Qe8 17. Qh3 Nf8 18. Nf3 d4 19. Ne5 dxe3 20. Qxe3 Rd8 21. h4
Nd7 22. Bb5 Qe7 23. Bxd7 Rxd7 24. Nxd7 Qxd7 25. Kh2 Qc6 26. Rf2 c4 27. Re1 cxb3
28. cxb3 Qd6 29. g5 hxg5 30. hxg5 Rg6 31. Qe5 Qc6 32. Kg3 a5 33. Rd1 Qc8 34. b4
axb4 35. axb4 Bd5 36. Ra1 b5 37. Ra7 Qf8 38. Qc7 Qf5 39. Qd8+ Qf8 40. Qxf8+
Kxf8 41. Rc2 Bc4 42. Rd2 Bd5 43. Kh4 1-0

[Event "Hotel MEDOSZ Spring Open"]
[Site "Budapest"]
[Date "2014.03.14"]
[Round "1.5"]
[White "Wiman, Kenneth"]
[Black "Pirisi, Gabor"]
[Result "0-1"]
[WhiteElo "1891"]
[BlackElo "2258"]
[PlyCount "78"]
[EventDate "2014.03.14"]

1. d4 Nf6 2. c4 g6 3. Nc3 Bg7 4. e4 O-O 5. Nf3 d6 6. Be2 e5 7. dxe5 dxe5 8.
Qxd8 Rxd8 9. Bg5 Na6 10. Nd5 Rd6 11. Nxf6+ Bxf6 12. Bxf6 Rxf6 13. a3 Nc5 14.
Nd2 a5 15. f3 Rd6 16. Nf1 Nb3 17. Rd1 Rxd1+ 18. Bxd1 Nd4 19. Ne3 Be6 20. Kd2 c6
21. c5 Rd8 22. Kc3 f5 23. a4 f4 24. Nc4 Bxc4 25. Kxc4 Kg7 26. g3 Ne6 27. gxf4
Nxf4 28. Kc3 Rd3+ 29. Kc2 Rd4 30. Kc3 Nd3 31. Bc2 Nxc5 32. b3 Kf6 33. Re1 Kg5
34. Rg1+ Kf4 35. Rg3 b5 36. axb5 cxb5 37. Rh3 h5 38. Rg3 g5 39. Rh3 h4 0-1

[Event "Hotel MEDOSZ Spring Open"]
[Site "Budapest"]
[Date "2014.03.14"]
[Round "1.6"]
[White "Balint, Vilmos"]
[Black "Pesola, Jyrki"]
[Result "1-0"]
[WhiteElo "2246"]
[BlackElo "1863"]
[PlyCount "59"]
[EventDate "2014.03.14"]

1. e4 c5 2. Nf3 Nf6 3. e5 Nd5 4. Nc3 e6 5. g3 Nc6 6. Bg2 Nxc3 7. dxc3 d5 8.
exd6 Bxd6 9. Ng5 O-O 10. Qh5 h6 11. Ne4 f5 12. Nxd6 Qxd6 13. Bd2 e5 14. O-O-O
Qe7 15. Rhe1 Qe8 16. Qxe8 Rxe8 17. Be3 c4 18. Rd6 e4 19. Bf1 Ne5 20. Bd4 b5 21.
Rd1 a6 22. Be2 Bb7 23. Bh5 Re7 24. Rb6 Bd5 25. Bc5 Rd7 26. Bd6 g6 27. Rxd5 Rad8
28. Rxe5 Rxd6 29. Rxd6 Rxd6 30. Be2 1-0

[Event "Hotel MEDOSZ Spring Open"]
[Site "Budapest"]
[Date "2014.03.14"]
[Round "1.7"]
[White "Szlenka, Attila"]
[Black "Szalanczy, Emil"]
[Result "0-1"]
[WhiteElo "1804"]
[BlackElo "2240"]
[PlyCount "68"]
[EventDate "2014.03.14"]

1. Nf3 c5 2. g3 g6 3. Bg2 Bg7 4. O-O Nf6 5. d3 O-O 6. e4 Nc6 7. Nbd2 d5 8. exd5
Nxd5 9. Re1 b6 10. Nf1 Bb7 11. c3 Rc8 12. Be3 h6 13. Qd2 Kh7 14. Rad1 e5 15. c4
Nde7 16. Qe2 Qd7 17. N3d2 Nf5 18. Nb3 Rfe8 19. h4 a5 20. Nh2 a4 21. Nc1 Ncd4
22. Bxd4 Nxd4 23. Qd2 Rcd8 24. Ne2 Bxg2 25. Kxg2 Qc6+ 26. f3 b5 27. Nxd4 Rxd4
28. Qc2 bxc4 29. dxc4 Red8 30. b3 h5 31. Kf2 a3 32. Nf1 R8d6 33. Qe2 Qd7 34.
Ne3 Rd2 0-1

[Event "Hotel MEDOSZ Spring Open"]
[Site "Budapest"]
[Date "2014.03.14"]
[Round "1.8"]
[White "Bach, Matthias"]
[Black "Polyanszky-Tamasi, Zoltan"]
[Result "1-0"]
[WhiteElo "2234"]
[BlackElo "1799"]
[PlyCount "57"]
[EventDate "2014.03.14"]

1. d4 Nf6 2. c4 g6 3. Nc3 Bg7 4. e4 d6 5. f4 O-O 6. Nf3 c5 7. d5 a6 8. a4 Nh5
9. Be2 Bg4 10. O-O Bxf3 11. Bxf3 Bd4+ 12. Kh1 Ng7 13. Ne2 Bf6 14. Bd2 Nd7 15.
Bc3 Bxc3 16. Nxc3 f5 17. Qe2 e5 18. dxe6 Nxe6 19. exf5 Nd4 20. Qd3 Rxf5 21. Ne2
Nxf3 22. Rxf3 d5 23. Ng3 dxc4 24. Qxc4+ Rf7 25. Re1 Nb6 26. Qe6 Nxa4 27. Nf5
Kf8 28. Nh6 Rg7 29. f5 1-0

[Event "Hotel MEDOSZ Spring Open"]
[Site "Budapest"]
[Date "2014.03.14"]
[Round "1.9"]
[White "Ladanyi, Gyula"]
[Black "Brustkern, Juergen"]
[Result "0-1"]
[WhiteElo "1798"]
[BlackElo "2233"]
[PlyCount "58"]
[EventDate "2014.03.14"]

1. d4 Nf6 2. c4 c5 3. d5 b5 4. b3 Ba6 5. Nd2 Qa5 6. Qc2 g6 7. Bb2 Bg7 8. g3 d6
9. Bg2 Nbd7 10. Ngf3 bxc4 11. bxc4 Nb6 12. O-O Na4 13. Rab1 Nxb2 14. Rxb2 Nd7
15. Rb3 O-O 16. e4 Nb6 17. Re1 Qa4 18. Bf1 Bc8 19. Bd3 f6 20. Nb1 Bg4 21. Nfd2
e5 22. Nc3 Qd7 23. f4 exf4 24. gxf4 Rae8 25. Rbb1 f5 26. exf5 Bd4+ 27. Kg2 gxf5
28. Nf1 Qg7 29. Ng3 Bxc3 0-1

[Event "Hotel MEDOSZ Spring Open"]
[Site "Budapest"]
[Date "2014.03.14"]
[Round "1.10"]
[White "Boguszlavszkij, Jevgenyij"]
[Black "Szalay, Janos Dr"]
[Result "1-0"]
[WhiteElo "2224"]
[BlackElo "1795"]
[PlyCount "67"]
[EventDate "2014.03.14"]

1. e4 c5 2. f4 d6 3. Nf3 a6 4. g3 Nc6 5. Bg2 Bg4 6. h3 Bxf3 7. Qxf3 e5 8. d3
Qb6 9. Na3 Nd4 10. Qf2 Nf6 11. c3 Ne6 12. Nc4 Qc7 13. f5 Nd8 14. a4 Rb8 15. a5
Be7 16. O-O O-O 17. g4 Nd7 18. Ne3 Nc6 19. Nd5 Qd8 20. Qg3 Bh4 21. Qe3 h6 22.
Qf3 b5 23. axb6 Nxb6 24. Rxa6 Nxd5 25. exd5 Na5 26. g5 hxg5 27. f6 g6 28. Qg4
Nb3 29. Bxg5 Bxg5 30. Qxg5 c4 31. Qh6 Qxf6 32. Rxf6 Rb7 33. Raxd6 cxd3 34.
Rxg6+ 1-0

[Event "Hotel MEDOSZ Spring Open"]
[Site "Budapest"]
[Date "2014.03.14"]
[Round "1.11"]
[White "Ghadiri, Radmehr"]
[Black "House, Glenn L"]
[Result "0-1"]
[WhiteElo "1786"]
[BlackElo "2204"]
[PlyCount "80"]
[EventDate "2014.03.14"]

1. d4 Nf6 2. c4 e6 3. Nc3 Bb4 4. Qc2 c5 5. dxc5 O-O 6. a3 Bxc5 7. f3 d5 8. e3
Nc6 9. b4 Be7 10. Bd3 a5 11. b5 Ne5 12. cxd5 exd5 13. Nge2 Be6 14. O-O Rc8 15.
Qd2 Bc5 16. Kh1 Qe7 17. Bb2 Rfd8 18. Na4 Nc4 19. Bxc4 dxc4 20. Qc1 Ba7 21. Bd4
Bxd4 22. Nxd4 Nd5 23. e4 Nf4 24. Nxe6 Nxe6 25. Nb6 Rc5 26. Nd5 Qf8 27. a4 Nc7
28. Nxc7 Rxc7 29. Rd1 Rxd1+ 30. Qxd1 c3 31. Qc2 g6 32. h3 Qb4 33. Rd1 Kg7 34.
Kh2 Qb2 35. Rd2 Qxc2 36. Rxc2 Kf6 37. Kg3 Ke5 38. b6 Rc6 39. Kf2 Kd4 40. Ke2
Rxb6 0-1

[Event "Hotel MEDOSZ Spring Open"]
[Site "Budapest"]
[Date "2014.03.14"]
[Round "1.12"]
[White "Kakuk, Sandor"]
[Black "Bacsi, Andras"]
[Result "1-0"]
[WhiteElo "2200"]
[BlackElo "1778"]
[PlyCount "43"]
[EventDate "2014.03.14"]

1. d4 d5 2. Nc3 Nf6 3. Bg5 Nc6 4. Qd2 Bf5 5. f3 h6 6. Bh4 g5 7. Bf2 Bg7 8.
O-O-O O-O 9. h4 g4 10. Qf4 Qd7 11. e4 dxe4 12. fxe4 Bh7 13. h5 Ne8 14. Nge2 f5
15. e5 Kh8 16. Qd2 f4 17. Nxf4 Qf5 18. Ng6+ Bxg6 19. hxg6 h5 20. Bd3 Qxf2 21.
Rxh5+ Kg8 22. Bc4+ 1-0

[Event "Hotel MEDOSZ Spring Open"]
[Site "Budapest"]
[Date "2014.03.14"]
[Round "1.13"]
[White "Vegvari, Ferenc"]
[Black "Farkas, Richard"]
[Result "0-1"]
[WhiteElo "1719"]
[BlackElo "2191"]
[PlyCount "40"]
[EventDate "2014.03.14"]

1. d4 Nf6 2. Nf3 c5 3. Bf4 cxd4 4. Nxd4 e5 5. Bxe5 Qa5+ 6. c3 Qxe5 7. e3 Nc6 8.
Nf3 Qc7 9. Nbd2 d5 10. Bd3 Bd6 11. a4 O-O 12. h3 Be6 13. Ng5 Ne5 14. Bc2 h6 15.
Nxe6 fxe6 16. f4 Nc4 17. Nxc4 Qxc4 18. Bd3 Qc5 19. Qe2 e5 20. g3 exf4 0-1

[Event "Hotel MEDOSZ Spring Open"]
[Site "Budapest"]
[Date "2014.03.14"]
[Round "1.14"]
[White "Vereb, Gabor"]
[Black "Horvath, Lajos Dr"]
[Result "1-0"]
[WhiteElo "2137"]
[BlackElo "1565"]
[PlyCount "23"]
[EventDate "2014.03.14"]

1. e4 e5 2. Nf3 Nc6 3. Bb5 Nf6 4. O-O d6 5. Re1 Bd7 6. Nc3 a6 7. Bxc6 Bxc6 8.
d4 Qe7 9. Bg5 Bd7 10. Nd5 Qd8 11. dxe5 h6 12. Nxf6+ 1-0

[Event "Hotel MEDOSZ Spring Open"]
[Site "Budapest"]
[Date "2014.03.14"]
[Round "1.15"]
[White "Xiao Hu, Chen"]
[Black "Bitran, Daniel"]
[Result "1/2-1/2"]
[WhiteElo "1546"]
[BlackElo "2133"]
[PlyCount "139"]
[EventDate "2014.03.14"]

1. e4 d5 2. exd5 Nf6 3. d4 Bg4 4. Nf3 Qxd5 5. Be2 e6 6. c3 Nc6 7. Bf4 O-O-O 8.
Nbd2 Bd6 9. Bxd6 Rxd6 10. Qb3 Re8 11. Qxd5 exd5 12. Kd1 Rde6 13. Re1 Bxf3 14.
Nxf3 Ng4 15. Kd2 Nxf2 16. Bd3 Ne4+ 17. Bxe4 dxe4 18. Ng1 Rg6 19. g3 f5 20. Re2
Rd6 21. Rf1 g6 22. Nh3 Kd7 23. Kc2 Re7 24. Nf2 Rf6 25. Rfe1 Rg7 26. Rf1 Rgf7
27. Rfe1 Nd8 28. Rf1 Ne6 29. Nh3 h6 30. Nf4 Nxf4 31. Rxf4 g5 32. Rf1 h5 33. Kd2
Kd6 34. h4 gxh4 35. gxh4 Kd5 36. Rg2 c5 37. dxc5 Kxc5 38. Rg5 Kd5 39. Rxh5 Ke5
40. Rh8 Rg7 41. Rf2 f4 42. Re8+ Kf5 43. Ke2 Rh7 44. h5 Rd7 45. h6 f3+ 46. Ke1
Rxh6 47. Rf8+ Kg4 48. Rf1 Rh2 49. Rg1+ Rg2 50. Rg8+ Kf4 51. R1xg2 fxg2 52. Rxg2
e3 53. Rg8 Ke4 54. Re8+ Kd3 55. Kd1 Rf7 56. Rd8+ Ke4 57. Re8+ Kf3 58. Ke1 b5
59. a3 Rf5 60. Kf1 a5 61. Ke1 a4 62. Rh8 Ke4 63. Re8+ Kd3 64. Rd8+ Kc2 65. Re8
Rf3 66. Ke2 Rh3 67. Re5 Kxb2 68. Rxb5+ Kxa3 69. c4 Rh2+ 70. Kxe3 1/2-1/2

[Event "Hotel MEDOSZ Spring Open"]
[Site "Budapest"]
[Date "2014.03.14"]
[Round "1.16"]
[White "Cross, Ted"]
[Black "Ongut, Tamas Gunes"]
[Result "1-0"]
[WhiteElo "2034"]
[BlackElo "1531"]
[PlyCount "53"]
[EventDate "2014.03.14"]

1. e4 e5 2. Nf3 Nc6 3. Bc4 Bc5 4. c3 Nf6 5. d4 exd4 6. cxd4 Bb4+ 7. Bd2 Bxd2+
8. Nbxd2 d5 9. exd5 Nxd5 10. Qb3 Nce7 11. O-O O-O 12. Rfe1 Nb6 13. Bd3 Bf5 14.
Ne4 Bxe4 15. Rxe4 c6 16. Rae1 Ned5 17. Ne5 Nf6 18. Rf4 Qd5 19. Qc2 h6 20. b3
Rae8 21. Re3 Nfd7 22. Be4 Qd6 23. Bh7+ Kh8 24. Nxf7+ Rxf7 25. Rxe8+ Rf8 26.
Rfxf8+ Nxf8 27. Bf5 1-0

[Event "Hotel MEDOSZ Spring Open"]
[Site "Budapest"]
[Date "2014.03.14"]
[Round "1.17"]
[White "Szabo, Miklos Istvan"]
[Black "Csapo, Zoltan"]
[Result "0-1"]
[WhiteElo "1332"]
[BlackElo "2024"]
[PlyCount "52"]
[EventDate "2014.03.14"]

1. e4 e5 2. Nf3 Nc6 3. Bb5 Bc5 4. c3 Nf6 5. d3 O-O 6. h3 d6 7. Nbd2 a6 8. Ba4
Nh5 9. Nf1 g6 10. Bg5 f6 11. Bb3+ Kh8 12. Be3 Bxe3 13. fxe3 f5 14. Qe2 Na5 15.
Ba4 fxe4 16. dxe4 Be6 17. Bc2 b5 18. g4 Bc4 19. Qg2 Ng7 20. N1d2 Bg8 21. b3 c5
22. Rd1 Nc6 23. Nf1 Qa5 24. Rxd6 Qxc3+ 25. Qd2 Qa1+ 26. Bd1 Nb4 0-1

[Event "Hotel MEDOSZ Spring Open"]
[Site "Budapest"]
[Date "2014.03.15"]
[Round "2.2"]
[White "Brustkern, Juergen"]
[Black "To, Nhat Minh"]
[Result "0-1"]
[WhiteElo "2233"]
[BlackElo "2354"]
[PlyCount "216"]
[EventDate "2014.03.14"]

1. c4 c5 2. Nc3 g6 3. Nf3 Bg7 4. e3 Nf6 5. d4 O-O 6. d5 e6 7. Be2 exd5 8. cxd5
d6 9. O-O Bg4 10. h3 Bxf3 11. Bxf3 a6 12. a4 Nbd7 13. e4 c4 14. Be2 Rc8 15. Bg5
Re8 16. Qc2 h6 17. Be3 Qe7 18. Bf3 Nc5 19. Bxc5 Rxc5 20. a5 h5 21. Ra4 Rec8 22.
Be2 Nd7 23. f4 Qd8 24. e5 dxe5 25. f5 Nf8 26. fxg6 Nxg6 27. Qf5 Nf4 28. Bxh5
R8c7 29. Bf3 Qd7 30. Qxd7 Rxd7 31. Bg4 Rd8 32. Rb4 Rc7 33. Bf3 Bf8 34. d6 Bxd6
35. Rxb7 Rxb7 36. Bxb7 Rb8 37. Bxa6 Rxb2 38. Ne4 Bb4 39. Bxc4 Rxg2+ 40. Kh1 Rc2
41. Bb3 Rb2 42. Rf3 Bxa5 43. Nd6 Kf8 44. Nxf7 Rxb3 45. Nxe5 Rb1+ 46. Kh2 Kg8
47. Rxf4 Bc7 48. Re4 Rb5 49. Kg3 Bxe5+ 50. Kg4 Kf7 51. h4 Kg6 52. Ra4 Bf6 53.
Rc4 Rb1 54. h5+ Kf7 55. Rc7+ Be7 56. Ra7 Rb4+ 57. Kg3 Rb5 58. h6 Rh5 59. Ra6
Bf6 60. h7 Rxh7 61. Ra7+ Be7 62. Kf4 Ke6 63. Kf3 Rh4 64. Ra1 Bf6 65. Ra8 Kf5
66. Rf8 Rh3+ 67. Ke2 Ke5 68. Rf7 Bg5 69. Rf3 Rh6 70. Rf8 Bf4 71. Kd3 Rd6+ 72.
Kc4 Ke4 73. Kc5 Rd2 74. Kc4 Rc2+ 75. Kb3 Rc6 76. Rd8 Be5 77. Kb4 Bd4 78. Kb5
Rc5+ 79. Kb4 Kd3 80. Rd7 Rc6 81. Kb5 Rb6+ 82. Ka5 Rb8 83. Rd6 Kc4 84. Rg6 Rb7
85. Rh6 Re7 86. Rg6 Be3 87. Rc6+ Bc5 88. Rh6 Ra7+ 89. Ra6 Rg7 90. Rh6 Bf2 91.
Rc6+ Kd5 92. Rf6 Bc5 93. Kb5 Rb7+ 94. Ka6 Rb3 95. Rg6 Bd6 96. Rg5+ Kc6 97. Rh5
Bf4 98. Ka5 Bd6 99. Ka6 Bf8 100. Rf5 Rb8 101. Rf7 Bc5 102. Rf6+ Bd6 103. Rf7
Rb6+ 104. Ka7 Rb4 105. Ka8 Ra4+ 106. Ra7 Rf4 107. Rf7 Re4 108. Rb7 Re8+ 0-1

[Event "Hotel MEDOSZ Spring Open"]
[Site "Budapest"]
[Date "2014.03.15"]
[Round "2.3"]
[White "House, Glenn L"]
[Black "Nguyen, Thi Mai Hung"]
[Result "1/2-1/2"]
[WhiteElo "2204"]
[BlackElo "2261"]
[PlyCount "50"]
[EventDate "2014.03.14"]

1. Nf3 d5 2. g3 c6 3. d3 Bg4 4. Nbd2 Nf6 5. Bg2 Nbd7 6. h3 Bh5 7. O-O e5 8. e4
Bd6 9. Qe1 dxe4 10. dxe4 O-O 11. Nc4 Bxf3 12. Bxf3 Bc5 13. b4 Be7 14. Bb2 Qc7
15. a3 Rfe8 16. Qe2 a6 17. Rfd1 c5 18. c3 b5 19. Ne3 Nb6 20. c4 cxb4 21. cxb5
bxa3 22. Bxa3 Bxa3 23. Rxa3 axb5 24. Rxa8 Rxa8 25. Qxb5 h6 1/2-1/2

[Event "Hotel MEDOSZ Spring Open"]
[Site "Budapest"]
[Date "2014.03.15"]
[Round "2.4"]
[White "Pirisi, Gabor"]
[Black "Kakuk, Sandor"]
[Result "0-1"]
[WhiteElo "2258"]
[BlackElo "2200"]
[PlyCount "68"]
[EventDate "2014.03.14"]

1. c4 e5 2. g3 Nf6 3. Bg2 g6 4. Nf3 d6 5. d4 exd4 6. Nxd4 Bg7 7. O-O O-O 8. Nc3
Nbd7 9. b3 Rb8 10. h3 Nc5 11. Bb2 Re8 12. Qc2 Ne6 13. Nxe6 Bxe6 14. e4 Qd7 15.
Kh2 Nh5 16. Rad1 Qe7 17. Rfe1 Rbd8 18. f4 c6 19. Qf2 b6 20. Kh1 Bc8 21. g4 Nf6
22. e5 dxe5 23. fxe5 Rxd1 24. Rxd1 Qxe5 25. Bxc6 Rf8 26. Qh2 Qe3 27. Qg2 h5 28.
Bf3 hxg4 29. hxg4 Be6 30. g5 Nh7 31. Nd5 Bxd5 32. Bxd5 Bxb2 33. Qxb2 Nxg5 34.
Rg1 Ne6 0-1

[Event "Hotel MEDOSZ Spring Open"]
[Site "Budapest"]
[Date "2014.03.15"]
[Round "2.5"]
[White "Farkas, Richard"]
[Black "Balint, Vilmos"]
[Result "1-0"]
[WhiteElo "2191"]
[BlackElo "2246"]
[PlyCount "81"]
[EventDate "2014.03.14"]

1. d4 f5 2. c4 Nf6 3. g3 g6 4. Nc3 Bg7 5. Bg2 O-O 6. Nf3 d6 7. O-O Nc6 8. d5
Ne5 9. Nxe5 dxe5 10. e4 f4 11. Qd3 g5 12. b3 Qe8 13. Nb5 Qh5 14. Nxc7 Ng4 15.
h3 f3 16. Nxa8 fxg2 17. Kxg2 Rf6 18. f3 Nh2 19. g4 Qh4 20. Bxg5 Qxg5 21. Kxh2
Qh4 22. Kg2 Bh6 23. Qe2 Bg5 24. Nc7 Qh6 25. Rad1 Bh4 26. Qd2 Qg6 27. Ne6 h5 28.
Qa5 b6 29. Qc3 Bxe6 30. dxe6 Rxe6 31. Rd8+ Kf7 32. Qd2 Bg5 33. Qd7 Kg7 34. Qe8
Qxe8 35. Rxe8 Rd6 36. Rf2 h4 37. Re2 Rd7 38. Rc8 Bd2 39. c5 bxc5 40. Rxc5 Kf6
41. Rd5 1-0

[Event "Hotel MEDOSZ Spring Open"]
[Site "Budapest"]
[Date "2014.03.15"]
[Round "2.6"]
[White "Szalanczy, Emil"]
[Black "Vereb, Gabor"]
[Result "1-0"]
[WhiteElo "2240"]
[BlackElo "2137"]
[PlyCount "135"]
[EventDate "2014.03.14"]

1. e4 e5 2. Nf3 Nc6 3. Bb5 a6 4. Ba4 Nf6 5. O-O Be7 6. Re1 b5 7. Bb3 d6 8. c3
O-O 9. h3 Bb7 10. d4 Re8 11. Nbd2 Bf8 12. a3 g6 13. Ba2 Bg7 14. d5 Nb8 15. c4
c6 16. b3 Nbd7 17. Bb1 Nc5 18. Ra2 bxc4 19. bxc4 Qc7 20. Nb3 Nxb3 21. Qxb3 Nd7
22. Be3 Reb8 23. Qd1 a5 24. Rd2 c5 25. Bd3 Bc8 26. Ree2 Nb6 27. Ra2 Bd7 28. a4
f5 29. Ng5 h6 30. Ne6 Bxe6 31. dxe6 f4 32. Bc1 Qe7 33. Reb2 Qxe6 34. Qe2 f3 35.
Qxf3 Nxc4 36. Rc2 Nb6 37. Bb5 Kh7 38. Be3 Rc8 39. Ra3 Rf8 40. Qd1 Rfc8 41. Rd3
Bf8 42. Qc1 Rc7 43. Rcd2 Nc8 44. Bc4 Qf6 45. Rb2 Na7 46. Rb6 Nc6 47. Bd5 Rac8
48. Bxc6 Rxc6 49. Rxc6 Rxc6 50. Qc4 Qd8 51. Bd2 Qc7 52. Rf3 Kg7 53. Bxa5 Qd7
54. Bd2 Rb6 55. Kh2 Rb1 56. a5 Ra1 57. Bxh6+ Kxh6 58. Rxf8 Rxa5 59. Rh8+ Kg7
60. Qg8+ Kf6 61. Rh7 Ra8 62. Rxd7 Rxg8 63. Rxd6+ Kg5 64. Rc6 Kf4 65. f3 g5 66.
Rxc5 Rh8 67. Rc3 g4 68. g3+ 1-0

[Event "Hotel MEDOSZ Spring Open"]
[Site "Budapest"]
[Date "2014.03.15"]
[Round "2.8"]
[White "Bitran, Daniel"]
[Black "Cross, Ted"]
[Result "1-0"]
[WhiteElo "2133"]
[BlackElo "2034"]
[PlyCount "73"]
[EventDate "2014.03.14"]

1. e4 c5 2. Nf3 d6 3. d4 cxd4 4. Nxd4 Nf6 5. Nc3 a6 6. Bg5 e6 7. f4 Be7 8. Qf3
Qc7 9. O-O-O Nbd7 10. g4 b5 11. a3 Bb7 12. Bd3 Nc5 13. Rhe1 Rc8 14. Kb1 Qb6 15.
Qe2 b4 16. axb4 Qxb4 17. Bxf6 Bxf6 18. e5 dxe5 19. fxe5 Be7 20. Rf1 Nxd3 21.
Rxd3 O-O 22. Ne4 Bxe4 23. Qxe4 Bc5 24. c3 Qa4 25. Rh3 g6 26. Qf4 f5 27. exf6
Qd7 28. Rd3 Rce8 29. Qe4 Qd5 30. Qxd5 exd5 31. Nb3 Bd6 32. Rxd5 Bxh2 33. g5 Re5
34. Rxe5 Bxe5 35. Nc5 Bd6 36. Ne6 Rf7 37. Nd8 1-0

[Event "Hotel MEDOSZ Spring Open"]
[Site "Budapest"]
[Date "2014.03.15"]
[Round "2.10"]
[White "Szalay, Janos Dr"]
[Black "Heyl, Thomas"]
[Result "0-1"]
[WhiteElo "1795"]
[BlackElo "1999"]
[PlyCount "64"]
[EventDate "2014.03.14"]

1. f4 Nf6 2. e3 d5 3. Nf3 g6 4. c4 Bg7 5. Nc3 O-O 6. cxd5 Nxd5 7. d4 c5 8. Bc4
Nb6 9. Be2 cxd4 10. exd4 Nc6 11. Be3 Be6 12. b3 Rc8 13. Rc1 Nb4 14. O-O N4d5
15. Nxd5 Nxd5 16. Rxc8 Bxc8 17. Bd2 Qb6 18. Kh1 Bg4 19. Bc4 e6 20. Bxd5 exd5
21. Be3 Re8 22. Qd2 Bxf3 23. Rxf3 f5 24. h3 Re4 25. Qc3 Qa6 26. a4 h5 27. Kh2
Qe6 28. h4 Qe7 29. Rh3 Bf6 30. Bf2 Rxf4 31. Re3 Re4 32. g3 Kg7 0-1

[Event "Hotel MEDOSZ Spring Open"]
[Site "Budapest"]
[Date "2014.03.15"]
[Round "2.11"]
[White "Grajczak, Adrian"]
[Black "Ladanyi, Gyula"]
[Result "1-0"]
[WhiteElo "1953"]
[BlackElo "1798"]
[PlyCount "27"]
[EventDate "2014.03.14"]

1. e4 e5 2. Nf3 Nc6 3. Bb5 a6 4. Ba4 Nf6 5. d3 Be7 6. c3 b5 7. Bc2 O-O 8. Nbd2
d5 9. Qe2 Bb7 10. Nf1 dxe4 11. dxe4 Qd6 12. Ng3 g6 13. O-O Nd7 14. Rd1 1-0

[Event "Hotel MEDOSZ Spring Open"]
[Site "Budapest"]
[Date "2014.03.15"]
[Round "2.12"]
[White "Bacsi, Andras"]
[Black "Simon, Lili"]
[Result "1/2-1/2"]
[WhiteElo "1778"]
[BlackElo "1936"]
[PlyCount "49"]
[EventDate "2014.03.14"]

1. b3 d5 2. Bb2 Nf6 3. Nf3 c6 4. g3 Bg4 5. Bg2 Nbd7 6. d4 e6 7. Nbd2 Be7 8. O-O
O-O 9. c4 Rc8 10. a3 c5 11. dxc5 Nxc5 12. Ne5 Bf5 13. cxd5 exd5 14. Rc1 Qd6 15.
b4 Nce4 16. Nxe4 dxe4 17. Qxd6 Bxd6 18. Nc4 Bb8 19. Rfd1 Rfd8 20. Rxd8+ Rxd8
21. f3 exf3 22. Bxf3 b6 23. Be5 Bxe5 24. Nxe5 Re8 25. Nc6 1/2-1/2

[Event "Hotel MEDOSZ Spring Open"]
[Site "Budapest"]
[Date "2014.03.15"]
[Round "2.13"]
[White "Marcu, Simon"]
[Black "Ghadiri, Radmehr"]
[Result "1/2-1/2"]
[WhiteElo "1892"]
[BlackElo "1786"]
[PlyCount "51"]
[EventDate "2014.03.14"]

1. d4 Nf6 2. c4 e6 3. Nf3 b6 4. e3 Bb7 5. Bd3 Be7 6. O-O d6 7. Nc3 Nbd7 8. e4
O-O 9. b4 a5 10. b5 e5 11. d5 Nc5 12. Bc2 Bc8 13. Be3 Nb7 14. h3 Ne8 15. g4 g6
16. Nh2 Ng7 17. Qd2 f5 18. f3 f4 19. Bf2 Kh8 20. Kg2 h6 21. Rh1 Rg8 22. Rag1
Bh4 23. Na4 Bxf2 24. Qxf2 Ne8 25. Qf1 Kh7 26. Qe2 1/2-1/2

[Event "Hotel MEDOSZ Spring Open"]
[Site "Budapest"]
[Date "2014.03.15"]
[Round "2.14"]
[White "Horvath, Lajos Dr"]
[Black "Wiman, Kenneth"]
[Result "0-1"]
[WhiteElo "1565"]
[BlackElo "1891"]
[PlyCount "42"]
[EventDate "2014.03.14"]

1. d4 Nf6 2. c4 c5 3. d5 e6 4. dxe6 fxe6 5. Nc3 d5 6. cxd5 exd5 7. Bg5 d4 8.
Ne4 Qa5+ 9. Bd2 Qb6 10. Qc2 Be7 11. Nxf6+ Bxf6 12. e3 O-O 13. Bd3 g6 14. e4 Nc6
15. a3 Ne5 16. b4 Be6 17. bxc5 Qxc5 18. Qxc5 Nxd3+ 19. Ke2 Nxc5 20. Bb4 d3+ 21.
Ke3 Bxa1 0-1

[Event "Hotel MEDOSZ Spring Open"]
[Site "Budapest"]
[Date "2014.03.15"]
[Round "2.15"]
[White "Pesola, Jyrki"]
[Black "Vegvari, Ferenc"]
[Result "1-0"]
[WhiteElo "1863"]
[BlackElo "1719"]
[PlyCount "37"]
[EventDate "2014.03.14"]

1. e4 c5 2. Nf3 d6 3. d4 cxd4 4. Nxd4 Nf6 5. Nc3 a6 6. Bg5 e6 7. f4 b5 8. e5
dxe5 9. fxe5 Qc7 10. Qe2 Nfd7 11. O-O-O Bc5 12. Ne4 Qxe5 13. Nf3 Qc7 14. Nxc5
Qxc5 15. Qe4 Qc6 16. Qh4 f6 17. Bd3 f5 18. Bxf5 Kf7 19. Be4 1-0

[Event "Hotel MEDOSZ Spring Open"]
[Site "Budapest"]
[Date "2014.03.15"]
[Round "2.16"]
[White "Ongut, Tamas Gunes"]
[Black "Szlenka, Attila"]
[Result "1/2-1/2"]
[WhiteElo "1531"]
[BlackElo "1804"]
[PlyCount "89"]
[EventDate "2014.03.14"]

1. e4 g6 2. d4 Bg7 3. Nc3 d6 4. Bc4 Nf6 5. f3 c6 6. Nge2 O-O 7. O-O Nbd7 8. Be3
b5 9. Bd3 b4 10. Nb1 c5 11. c3 a5 12. Qc2 Bb7 13. Nd2 Rc8 14. Qb3 Rc7 15. a3
bxc3 16. bxc3 Qa8 17. Rfc1 d5 18. exd5 Nxd5 19. Bf2 Rfc8 20. c4 N5f6 21. Bg3
Rc6 22. Bf2 Rb6 23. Qa2 Ne8 24. Rab1 Rxb1 25. Rxb1 Nd6 26. Nb3 cxd4 27. Bxd4
Bxd4+ 28. Nexd4 Ne5 29. c5 Nxd3 30. cxd6 exd6 31. Qd2 Nc5 32. Nxa5 Ba6 33. Nab3
Nd3 34. Qa5 Qb7 35. h3 Qa7 36. Rd1 Ra8 37. Kh2 Qe7 38. Rxd3 Qe5+ 39. Qxe5 dxe5
40. Re3 exd4 41. Nxd4 Kf8 42. Kg3 Bb7 43. Kf4 h6 44. h4 Ra4 45. Rd3 1/2-1/2